Регионална библиотека "Любен Каравелов" - Русе

Симитли (Запис номер 189703)

MARC детайли
000 -Лидер
Контролно поле с фиксирана дължина 01372nam a2200349 c 4500
003 - Код на организацията, давaща контролен номер
Контролно поле BLK
005 - Дата и час на последна редакция
Контролно поле 20180422115654.0
008 - Елементи от данни с фиксирана дължина
fixed length control field 180411b bul|||||r ||||||| ||bul||
010 ## - Наследен системен номер
LC control number KNG00198749000
040 ## - Източник на каталожния запис
Идентификатор на билиотеката - собственик на записа BLK
041 ## - Код за език
Код за езика на текст/звукозапис или на отделно заглавие Български
Код за езика КДБФ Български
080 ## - УДК
Текстов определител УДК География на България
УДК код - определител по УДК 913(497.2)
УДК определител (497.2-21)
УДК - код + определител 913(497.2)(497.2-21)
100 1# - Редна дума - Автор
Автор Сандански, Борис Костадинов
Авторска отговорност първи автор
R(LIN) 373275
139 ## - Редно поле
Редна дума Сандански, Борис Костадинов
Авторски знак Сан - С 18
245 10 - Сведения за заглавието
Заглавие Симитли
Подзаглавни данни Очерк с турист. маршрути
Редно поле (дума) Борис Костадинов Сандански.
257 ## - Страна на издаване
Страна на създаване/издаване България
260 ## - Област на издателските данни
-- София
Име на издателя, разпространителя и проч. Медицина и физкултура
Година на издаване 1989
Печатница Пловдив : Д. Благоев
300 ## - Физическа характеристика
Страници 63 с.
Илюстрации и др. с ил., к.
Размери/Мащаб 17 см
380 ## - Жанр
Жанр География
490 1# - СЕРИИ (Колекции)
Име на серия Малка туристическа библиотека
№: серия 2
500 ## - Общи забележки
Забележка 7 204 тир.
650 #4 - Допълнително описание по предмет – тема
Основно описание – тема или топоним Туристически маршрути - България
9 (RLIN) 264994
650 #4 - Допълнително описание по предмет – тема
Основно описание – тема или топоним Градове - България
9 (RLIN) 243112
651 #4 - Допълнително описание по предмет - топоним
Географско понятие България
9 (RLIN) 241624
653 ## - Ключова дума – ненормативна
Ключова дума Симитли
653 ## - Ключова дума – ненормативна
Ключова дума туристически маршрути
852 ## - Местоположение
Форматна сигнатура Цб І 24228
856 4# - Електронен адрес и достъп
Електронен формат pdf - файл
Път до файла /url/
856 4# - Електронен адрес и достъп
Електронен формат pdf - файл
Път до файла /url/
942 ## - АРТИКУЛИ
Вид на библиотечния материал Книги
Скрит в OPAC Не
944 ## - СЪЗДАВАНЕ И РЕДАКЦИЯ на ЗАПИСА
Създаване/Редакция Създаване
Дата на регистрацията/редакция 23.12.2016
Служител, извършил регистрацията/редакцията Елиз_Шакирова
944 ## - СЪЗДАВАНЕ И РЕДАКЦИЯ на ЗАПИСА
Създаване/Редакция Редакция
Дата на регистрацията/редакция 23.12.2016
Служител, извършил регистрацията/редакцията Елиз_Шакирова
999 ## - СИСТЕМНИ КОНТРОЛНИ НОМЕРА
Koha biblionumber 189703
Koha biblioitemnumber 189703
Наличности
Код за отписване Код за изгубен артикул Източник на класификационната схема Код за повреда Коз за рестрикции Код за отдаване Артикулен № Име на библиотеката - собственик Име на библиотеката, в която се намира в момента Статус (Текущо местоположение) Дата на вписване в системата Местоположение - отдел Цена в лева Инвентарен номер Систематично азбучна сигнатура Баркод Номер на екземпляра Цена в евро Служебна бележка Служебен тип на артикула Бележка за публиката
  Не е изгубен Universal Decimal Classification Не е повреден без рестрикции ползва се в читалня 333864 Регионална библиотека "Любен Каравелов" Русе Регионална библиотека "Любен Каравелов" Русе Хранилище 1989-01-01 Хранилище 0.45 515007 Цб І 24228 120000515007 1 0.23 Дост: Dp Вид: Д N: стар фонд Дата: 01.01.1989 Книги  
Изтеглен Не е изгубен Universal Decimal Classification Не е повреден без рестрикции заемане за дома 333865 Регионална библиотека "Любен Каравелов" Русе Регионална библиотека "Любен Каравелов" Русе Заемна - подръчен фонд 1989-01-01 Заемна - подръчен фонд 0.45 517880 П 914.972/С 18 517880 2 0.23 Дост: Pk Вид: Ф N: стар фонд Дата: 01.01.1989 Дата инв: 15.02.2018 Бележки инв: П2018 Книги  
Изтеглен Не е изгубен   Не е повреден без рестрикции заемане за дома 333866 Регионална библиотека "Любен Каравелов" Русе Регионална библиотека "Любен Каравелов" Русе   1989-01-01 Заемна - подръчен фонд 0.45 517881 П 914.972/С 18 517881 3 0.23 Дост: Pk Вид: Ф N: стар фонд Дата: 01.01.1989 Книги Отч.N: 6/2018 , Дата: 22.01.2018
Vip Innovations Ltd, Rousse, Bulgaria 2025